आखिरी सांस तक (Record no. 117725)

MARC details
000 -LEADER
fixed length control field 00873nam a2200253Ia 4500
003 - CONTROL NUMBER IDENTIFIER
control field OSt
005 - DATE AND TIME OF LATEST TRANSACTION
control field 20220918112001.0
008 - FIXED-LENGTH DATA ELEMENTS--GENERAL INFORMATION
fixed length control field 220915b |||||||| |||| 00| 0 hin d
037 ## - SOURCE OF ACQUISITION
Terms of availability Textbook
040 ## - CATALOGING SOURCE
Language of cataloging hin
Original cataloging agency ARTS
Transcribing agency ARTS
041 ## - LANGUAGE CODE
Language code of text/sound track or separate title hin
100 ## - MAIN ENTRY--PERSONAL NAME
Personal name यादवेन्द्र शर्मा, चन्द्र
9 (RLIN) 11585
245 #0 - TITLE STATEMENT
Title आखिरी सांस तक
246 ## - VARYING FORM OF TITLE
Title proper/short title Būanda būanda rakta
260 ## - PUBLICATION, DISTRIBUTION, ETC.
Place of publication, distribution, etc. अहमदाबाद
Name of publisher, distributor, etc. पीपुल्स पब्लिशिंग हा0
Date of publication, distribution, etc. 1973
300 ## - PHYSICAL DESCRIPTION
Extent 127पृ0
Dimensions cm.
650 ## - SUBJECT ADDED ENTRY--TOPICAL TERM
Topical term or geographic name entry element हिन्दी साहित्य
942 ## - ADDED ENTRY ELEMENTS (KOHA)
Classification part O152,3N32,AS, L3
Koha item type Textbook
Source of classification or shelving scheme Colon Classification (CC)

No items available.

Copyright @ Delhi University Library System